[Event "Maicao op"]
[Site "Maicao"]
[Date "2012.10.14"]
[Round "5"]
[White "Rivera, Ingris"]
[Black "Fonseca, Luis"]
[Result "1-0"]
[WhiteElo "2163"]
[BlackElo "1680"]
[PlyCount "77"]
[EventDate "2012.10.13"]
[EventType "swiss"]
[EventRounds "6"]
[EventCountry "COL"]
[SourceTitle "EXT 2013"]
[Source "ChessBase"]
[SourceDate "2012.11.22"]
[SourceVersion "1"]
[SourceVersionDate "2012.11.22"]
[SourceQuality "1"]

1. d4 Nf6 2. Bg5 g6 3. Nf3 Bg7 4. Nbd2 0-0 5. e4 d6 6. Bd3 Nbd7 7. 0-0 e5 8. c3 h6 9. Bh4 Qe8 10. h3 Nh5 11. Bc2 Nf4 12. Bg3 g5 13. Nc4 Nb6 14. Ne3 Bd7 15. a4 c6 16. a5 Nc8 17. Qd2 Be6 18. Rfe1 f6 19. d5 cxd5 20. exd5 Bd7 21. Bxf4 gxf4 22. Nf5 Bxf5 23. Bxf5 Qh5 24. Bg4 Qg6 25. Be6+ Kh8 26. Nh4 Qg5 27. Nf5 Rd8 28. Ra4 Bf8 29. Rc4 Ne7 30. Nxe7 Bxe7 31. Rc7 Rg8 32. Bxg8 Rxg8 33. g4 f5 34. f3 fxg4 35. hxg4 Qh4 36. Qf2 Qg5 37. Kf1 Bd8 38. Rxb7 Bxa5 39. Qxa7 1-0